Discounted cash flow valuations (Record no. 121707)

MARC details
000 -LEADER
fixed length control field 01673nam a22003377a 4500
001 - CONTROL NUMBER
control field 121707
008 - FIXED-LENGTH DATA ELEMENTS--GENERAL INFORMATION
fixed length control field 231110e20231110xxk|||||o|||| 00| 0 eng d
020 ## - INTERNATIONAL STANDARD BOOK NUMBER
ISBN 9781783215133
041 ## - LANGUAGE CODE
Language code of text/sound track or separate title eng
110 ## - MAIN ENTRY--CORPORATE NAME
Corporate author Royal Institution of Chartered Surveyors
245 ## - TITLE STATEMENT
Title Discounted cash flow valuations
Subtitle global
Medium [Electronic resource]
260 ## - PUBLICATION INFORMATION
Place of publication London,
Publisher Royal Institution of Chartered Surveyors,
Date November 2023
300 ## - PHYSICAL DESCRIPTION
Physical description 56p.
490 ## - SERIES TITLE
Series statement RICS Practice Information
520 ## - ABSTRACT
Abstract A practical global guide covering the use of DCF valuation. Chapters include:1) Introduction 2) Explicit DCF valuation versus the implicit valuation method 3) The context for applying explicit DCF methods 4) Applying explicit DCF methods to the basis of market valuation 5) Applying explicit DCF methods to the basis of investment value. Appendix A) Implicit vs explicit DCF valuations; Appendix B) Risk analysis techniques; Appendix C) Depreciation and obsolesence
650 ## - KEYWORDS
Keywords DISCOUNTED CASH FLOW
650 ## - KEYWORDS
Keywords CAPITAL ASSET PRICING MODEL
650 ## - KEYWORDS
Keywords IMPLICIT VALUE
650 ## - KEYWORDS
Keywords INVESTMENT VALUE
650 ## - KEYWORDS
Keywords MARKET VALUE
650 ## - KEYWORDS
Keywords RISK ANALYSIS
650 ## - KEYWORDS
Keywords VALUATION
650 ## - KEYWORDS
Keywords WEIGHTED AVERAGE COST OF CAPITAL
651 ## - SUBJECT ADDED ENTRY--GEOGRAPHIC NAME
Geographic name Global
690 ## - BROAD SUBJECT
9 (RLIN) 6273
Broad subject Valuation
700 ## - ADDED PERSONAL NAME
Added personal author Crosby, Neil
710 ## - ADDED CORPORATE NAME
Added corporate author Royal Institution of Chartered Surveyors
856 ## - ONLINE RESOURCE
Uniform Resource Identifier <a href="https://www.rics.org/content/dam/ricsglobal/documents/standards/Discounted-cash-flow-valuations-1.pdf">https://www.rics.org/content/dam/ricsglobal/documents/standards/Discounted-cash-flow-valuations-1.pdf</a>
Public note Practice Information available on RICS.org
856 ## - ONLINE RESOURCE
Uniform Resource Identifier <a href="https://www.rics.org/content/dam/ricsglobal/documents/standards/Basis-for-conclusions-1.pdf">https://www.rics.org/content/dam/ricsglobal/documents/standards/Basis-for-conclusions-1.pdf</a>
Public note Basis for conclusions
942 ## - ADDED ENTRY ELEMENTS (KOHA)
Suppress in OPAC Do not suppress in OPAC
Holdings
Lost status Damaged status Not for loan Current library Shelving location Date acquired Total Checkouts Full call number Date last seen Price effective from Koha item type
      Virtual Online 10/11/2023   ONLINE PUBLICATION 10/11/2023 10/11/2023 Online material